000 00320nam a22001337a 4500
008 180223b xxu||||| |||| 00| 0 eng d
020 _a9780895825858
041 _aeng
080 _a573
100 _a11
101 _aBIO
245 _aA Photographic Atlas for the Biology Laboratory
_cGraaff, K.M.V
942 _2udc
_cBK
999 _c43316
_d43316